Cultivos transgénicos: pórtico ético a una polémica /

La aprobación en Nicaragua, a inicios del año 2000, de la Ley de Protección para las Obtenciones Vegetales, abrió las puertas al debate sobre los cultivos transgénicos Porque se trata de una discusión compleja y porque la información está en pocas manos, conviene tener claro algunos principios. REV/...

Cur síos iomlán

Sábháilte in:
Sonraí bibleagrafaíochta
Príomhchruthaitheoir: Gafo, Javier
Formáid: Téacs
Ábhair:
Clibeanna: Cuir clib leis
Níl clibeanna ann, Bí ar an gcéad duine le clib a chur leis an taifead seo!

MARC

LEADER 00000 a a2200000 04500
001 7133
003
040
100 |a Gafo, Javier  
245 |a Cultivos transgénicos:   |b pórtico ético a una polémica /  |c Javier Gafo 
520 |a La aprobación en Nicaragua, a inicios del año 2000, de la Ley de Protección para las Obtenciones Vegetales, abrió las puertas al debate sobre los cultivos transgénicos Porque se trata de una discusión compleja y porque la información está en pocas manos, conviene tener claro algunos principios. REV/SCM  
650 |a ETICA  
650 |a GENETICA DE LAS PLANTAS  
650 |a BOTANICA  
650 |a ALIMENTOS  
650 |a SEGURIDAD ALIMENTARIA  
773 |g volumen 19, número 220; páginas 34-38  
999 |c 21975  |d 21975